LEADER 00941nam a2200205 i 4500 001 000000251766 003 CaOOAMICUS 005 20161201000000.0 008 161201s1804 it u000 u ita u 013 $a230671 026 $aiali 0.g. .)el (1An (3) 1804 (R) 040 $aSeMil$bita 245 10$aTomo 11. 300 $a[4], 356, [4] p. 500 $aContiene: Cesare Beccaria, Elementi di economia pubblica. - Segn.: pg2 A-Y8 Z4. 773 0 $tScrittori classici italiani di economia politica.$dMilano : Nella Stamperia e Fondria di G. G. Destefanis, a san Zeno n. 534, 1803-1816.$g18$w()33494 773 0 $tScrittori classici italiani di economia politica. Parte moderna.$dMilano : Nella Stamperia e Fonderia di G. G. Destefanis, a san Zeno n. 534, 1803-1805.$g11$w()33495 850 $aSeMil 852 $aSeMil$W1$xVenegono$y1$m3M II 11 FA$j202112$B202112$CSeMilBibl$Z2$F214712 $8I 996 $6245$aTomo 11$9(OLS)http://semarc/title/194412 LEADER 00851nas a2200229 i 4500 001 000000200517 003 CaOOAMICUS 005 20190401132721.0 008 110408b2011 it uu u0 0mul r 013 $a179217 040 $aSeMil$bita 245 10$a2010 : [3]. 260 $aPisa ;$aRoma :$bFabrizio Serra,$c2010 (copyr. 2011) 300 $aP. [565]-805 ;$c25 cm. 773 0 $tIus Ecclesiae.$dRoma : Centro Accademico della Santa Croce, 1989.$x1120-6462$w()2385 774 0 $t[vedi periodico].$w()275089 850 $aSeMil 852 $aSeMil$W1$xVenegono$y1$m245 3 56$j151046$B151046$CSeMilBibl$Z2$F163511 $85 961 $aAbbonamento: Accademia Editoriale 996 $6245$a2010 : [3]$9(OLS)http://semarc/title/284992 996 $6260$aPisa ;$aRoma :$bFabrizio Serra$9(OLS)http://semarc/publisher/34314